| 000 | 00000nam##2200000za#4500 |
| 001 | 9.687016 |
| 003 | CaOODSP |
| 005 | 20241203113636 |
| 007 | cr ||||||||||| |
| 008 | 150407|2004||||xxc|||||o f|0| 0 eng|d |
| 020 | |a0-662-37167-4 |
| 040 | |aCaOODSP|beng |
| 043 | |an-cn--- |
| 086 | 1 |aEn84-3/2004E-PDF |
| 110 | 1 |aCanada. |bEnvironment Canada. |
| 245 | 10|aCharacterization of the Georgia Basin/Puget Sound airshed / |h[electronic resource]|cprepared by Bruce Thomson, Pacific and Yukon Region, Environment Canada ; co-published by the United States Environmental Protection Agency. |
| 260 | |aOttawa - Ontario : |bEnvironment Canada |c[2004]. |
| 300 | |a140p.|bcoloured figs., references, tables |
| 500 | |a"The study focused on three air pollution issues: ground-level ozone (ozone), fine particulate matter (PM) and visibility. These issues are not only matters of public concern but are also significant factors in the development of international air quality standards and strategies."--p.13, Executive summary. |
| 590 | |a13-21-Supp|b2013-09-16 |
| 775 | 08|tCaractérisation du bassin atmosphérique du bassin de Géorgia/Puget Sound / |w(CaOODSP)9.631479 |
| 856 | 40|ahttp://publications.gc.ca|qPDF|s4096 KB|uhttps://publications.gc.ca/collections/collection_2013/ec/En84-3-2004-eng.pdf |